| 000 -LEADER |
| fixed length control field |
00543cam a2200157Ia 4500 |
| 020 ## - INTERNATIONAL STANDARD BOOK NUMBER |
| ISBN |
9789251060766 |
| 020 ## - INTERNATIONAL STANDARD BOOK NUMBER |
| ISBN |
9251060762 |
| 040 ## - CATALOGING SOURCE |
| Transcribing agency |
BTCTA |
| 082 ## - DEWEY DECIMAL CLASSIFICATION NUMBER |
| Classification number |
333 ROM 2009 C101 Or. |
| 245 00 - TITLE STATEMENT |
| Title |
Socio-economic impacts of non-transgenic biotechnologies in developing countries : |
| Remainder of title |
the case of plant micropropagation in Africa / |
| 300 ## - PHYSICAL DESCRIPTION |
| Number of Pages |
xii, 75 pages : |
| Other physical details |
color illustrations, color maps ; |
| Dimensions |
25 cm |
| 650 #0 - SUBJECT ADDED ENTRY--TOPICAL TERM |
| Topical Term |
Crops |
| 700 1# - ADDED ENTRY--PERSONAL NAME |
| Personal name |
Sonnino, Andrea. |
| 710 2# - ADDED ENTRY--CORPORATE NAME |
| Corporate name or jurisdiction name as entry element |
Food and Agriculture Organization of the United Nations. |
| 942 ## - ADDED ENTRY ELEMENTS (KOHA) |
| Koha item type |
ADB |
| 952 ## - LOCATION AND ITEM INFORMATION (KOHA) |
| Withdrawn status [LOCAL, KOHA] |
0 |